Miasta i wsie w Obniżeniu Gorlickim - Statystyki

Ogólne statystyki
  • Ten quiz został rozwiązany 4 razy
  • Średni wynik to 20 z 34
Statystyki odpowiedzi
Gmina Odpowiedź % Poprawnych
Łużna Łużna
100%
Skołyszyn Siepietnica
100%
Biecz Biecz
75%
Gorlice (wiejska) Dominikowice
75%
Gorlice (miejska) Gorlice
75%
Lipinki Kryg
75%
Biecz Libusza
75%
Lipinki Lipinki
75%
Moszczenica Moszczenica
75%
Sękowa Sękowa
75%
Sękowa Siary
75%
Skołyszyn Skołyszyn
75%
Gorlice (wiejska) Zagórzany
75%
Gorlice (wiejska) Bystra
50%
Biecz Głęboka
50%
Biecz Grudna Kępska
50%
Skołyszyn Harklowa
50%
Gorlice (wiejska) Klęczany
50%
Gorlice (wiejska) Kobylanka
50%
Biecz Korczyna
50%
Skołyszyn Kunowa
50%
Łużna Mszanka
50%
Jasło Osobnica
50%
Skołyszyn Pusta Wola
50%
Gorlice (wiejska) Ropica Polska
50%
Skołyszyn Siedliska Sławęcińskie
50%
Skołyszyn Sławęcin
50%
Gorlice (wiejska) Stróżówka
50%
Biecz Strzeszyn
50%
Łużna Szalowa
50%
Lipinki Wójtowa
50%
Łużna Wola Łużańska
50%
Skołyszyn Przysieki
25%
Jasło Trzcinica
25%
Nie znaleziono quizów pasujących do podanych kryteriów
Rozkład punktacji
Procent ludzi z każdym wynikiem
Percentyl według liczby udzielonych odpowiedzi
Twoja historia wyników
Nie rozwiązałeś tego quizu